Text book of B Sc. mathematics. P I. I B.Sc. (Record no. 97166)
[ view plain ]
| 000 -LEADER | |
|---|---|
| fixed length control field | 00557nam a2200205Ia 4500 |
| 003 - CONTROL NUMBER IDENTIFIER | |
| control field | OSt |
| 005 - DATE AND TIME OF LATEST TRANSACTION | |
| control field | 20260525142514.0 |
| 008 - FIXED-LENGTH DATA ELEMENTS--GENERAL INFORMATION | |
| fixed length control field | 210210b1992 xxu||||| |||| 00| 0 eng d |
| 040 ## - CATALOGING SOURCE | |
| Transcribing agency | AL |
| 041 ## - LANGUAGE CODE | |
| Language code of text/sound track or separate title | English |
| 082 ## - DEWEY DECIMAL CLASSIFICATION NUMBER | |
| Classification number | 510 RANT |
| 100 ## - MAIN ENTRY--PERSONAL NAME | |
| Personal name | RANGANATH (G K) & SAMPANGIRAM (C S). |
| 9 (RLIN) | 264498 |
| 245 ## - TITLE STATEMENT | |
| Title | Text book of B Sc. mathematics. P I. I B.Sc. |
| 260 ## - PUBLICATION, DISTRIBUTION, ETC. | |
| Place of publication, distribution, etc. | Delhi |
| Name of publisher, distributor, etc. | S. Chand & Co. Ltd. |
| Date of publication, distribution, etc. | 1992 |
| 300 ## - PHYSICAL DESCRIPTION | |
| Extent | 515 |
| 650 ## - SUBJECT ADDED ENTRY--TOPICAL TERM | |
| Topical term or geographic name entry element | First Bsc. maths, Bangalore university |
| 9 (RLIN) | 264499 |
| 690 ## - LOCAL SUBJECT ADDED ENTRY--TOPICAL TERM (OCLC, RLIN) | |
| Topical term or geographic name as entry element | Mathematics |
| 9 (RLIN) | 264500 |
| 906 ## - LOCAL DATA ELEMENT F, LDF (RLIN) | |
| a | 048357 |
| 942 ## - ADDED ENTRY ELEMENTS (KOHA) | |
| Source of classification or shelving scheme | Dewey Decimal Classification |
| Koha item type | Book |
| Withdrawn status | Lost status | Source of classification or shelving scheme | Damaged status | Not for loan | Collection code | Home library | Current library | Shelving location | Date acquired | Cost, normal purchase price | Total Checkouts | Full call number | Barcode | Date last seen | Price effective from | Koha item type |
|---|---|---|---|---|---|---|---|---|---|---|---|---|---|---|---|---|
| Dewey Decimal Classification | Mathematics | St Aloysius Library | St Aloysius Library | Secondary stack section | 02/17/2021 | 65.00 | 510 RANT | 046443 | 02/17/2021 | 02/17/2021 | Book | |||||
| Dewey Decimal Classification | Mathematics | St Aloysius Library | St Aloysius Library | 02/17/2021 | 65.00 | 510 RANT | 048357 | 02/17/2021 | 02/17/2021 | Book | ||||||
| Dewey Decimal Classification | Mathematics | St Aloysius Library | St Aloysius Library | 02/17/2021 | 65.00 | 510 RANT | 048356 | 02/17/2021 | 02/17/2021 | Book | ||||||
| Dewey Decimal Classification | Mathematics | St Aloysius Library | St Aloysius Library | 02/17/2021 | 65.00 | 510 RANT | 048358 | 02/17/2021 | 02/17/2021 | Book |